[Event "Landesliga Nord 9596"]
[Site "Bayern"]
[Date "1996.??.??"]
[Round "?"]
[White "Thuerauf, Peter"]
[Black "Knappe, Dieter"]
[Result "1-0"]
[WhiteElo "1900"]
[BlackElo "1870"]
[PlyCount "91"]
[EventDate "1995.10.??"]
[EventType "team-tourn"]
[EventRounds "9"]
[EventCountry "GER"]
[SourceTitle "EXT 2020"]
[Source "ChessBase"]
[SourceDate "2019.10.17"]
[SourceVersion "1"]
[SourceVersionDate "2019.10.17"]
[SourceQuality "1"]
[WhiteTeam "Nuernberg Sued SW"]
[BlackTeam "Bindlach"]
[WhiteTeamCountry "GER"]
[BlackTeamCountry "GER"]

1. d4 Nf6 2. Nf3 e6 3. c4 Bb4+ 4. Bd2 Be7 5. Nc3 d5 6. Bg5 0-0 7. e3 c6 8. Rc1 Nbd7 9. Bd3 dxc4 10. Bxc4 Nd5 11. Bxe7 Qxe7 12. 0-0 Nxc3 13. Rxc3 e5 14. Qb1 e4 15. Nd2 Nf6 16. b4 a6 17. Rfc1 Re8 18. a4 Bd7 19. b5 axb5 20. axb5 Qd6 21. h3 Rac8 22. Qa2 Be6 23. bxc6 Rxc6 24. Bxe6 Qxe6 25. Qxe6 Rexe6 26. Rxc6 Rxc6 27. Rxc6 bxc6 28. g4 h6 29. Nc4 Nd7 30. Nd6 Nf6 31. Nc8 Nd5 32. Nd6 Nf6 33. Nf5 Nd5 34. Kg2 f6 35. Nd6 Nc3 36. Nc8 Nd5 37. Nd6 Nc3 38. Nf5 Nd5 39. Ng3 Nc3 40. Kf1 Kf7 41. Ke1 Ke6 42. Kd2 Nd5 43. Nxe4 f5 44. Nc5+ Kf6 45. gxf5 Kxf5 46. e4+ 1-0

[Event "Landesliga Nord 9495"]
[Site "Bayern"]
[Date "1995.??.??"]
[Round "?.7"]
[White "Mueller, Norbert3333"]
[Black "Knappe, Dieter"]
[Result "1/2-1/2"]
[WhiteElo "1965"]
[BlackElo "1870"]
[PlyCount "31"]
[EventDate "1994.10.09"]
[EventType "team-tourn"]
[EventRounds "9"]
[EventCountry "GER"]
[SourceTitle "EXT 2020"]
[Source "ChessBase"]
[SourceDate "2019.10.17"]
[SourceVersion "1"]
[SourceVersionDate "2019.10.17"]
[SourceQuality "1"]
[WhiteTeam "Nuernberg Sued SW"]
[BlackTeam "Bindlach"]
[WhiteTeamCountry "GER"]
[BlackTeamCountry "GER"]

1. e4 d5 2. exd5 Qxd5 3. Nc3 Qa5 4. d4 Nf6 5. Nf3 c6 6. Bd3 Bg4 7. h3 Bxf3 8. Qxf3 e6 9. 0-0 Bd6 10. Ne4 Nxe4 11. Bxe4 0-0 12. c4 Nd7 13. a3 Nf6 14. b4 Bxb4 15. Rb1 Bc3 16. Rxb7 1/2-1/2